សិក្សាអំពីស្ថានភាពនៃការកាន់កាប់ដីព្រៃក្នុងតំបន់ការពារស្ថិតក្រោមដែនសមត្ថកិច្ចរបស់មន្ទីរបរិស្ថានស្ថិតនៅស្រុកកំពង់សីលា ខេត្តព្រះសីហនុ​​ STUDY ON THE SITUATION OF FOREST LAND OCCUPATMENT AREA UNDER THE JURISDICTION OF THE DEPARTMENT OF EVIROMENT IN KAMPONG SEILA DISTRICT, PREAH SIHAKOUK PROVINCE (Record no. 24909)

000 -LEADER
fixed length control field 00940nam a22001337a 4500
040 ## - CATALOGING SOURCE
Transcribing agency RUA
082 ## - DEWEY DECIMAL CLASSIFICATION NUMBER
Classification number LMA SOT 2024 B1-398 Or.1
100 ## - MAIN ENTRY--AUTHOR NAME
Personal name សុធា វិរិទ្ធ SOTHEA VIRETH
245 ## - TITLE STATEMENT
Title សិក្សាអំពីស្ថានភាពនៃការកាន់កាប់ដីព្រៃក្នុងតំបន់ការពារស្ថិតក្រោមដែនសមត្ថកិច្ចរបស់មន្ទីរបរិស្ថានស្ថិតនៅស្រុកកំពង់សីលា ខេត្តព្រះសីហនុ​​ STUDY ON THE SITUATION OF FOREST LAND OCCUPATMENT AREA UNDER THE JURISDICTION OF THE DEPARTMENT OF EVIROMENT IN KAMPONG SEILA DISTRICT, PREAH SIHAKOUK PROVINCE
260 ## - PUBLICATION, DISTRIBUTION, ETC. (IMPRINT)
Place of publication RUA
Name of publisher PHNOM PENH
Year of publication 2024
300 ## - PHYSICAL DESCRIPTION
Number of Pages ix
Other physical details ill
Dimensions 29cm
856 ## - ELECTRONIC LOCATION AND ACCESS
Uniform Resource Identifier https://drive.google.com/file/d/1h6WC99zCBb264WsuKaM1r74YT59foemF/view?usp=sharing
942 ## - ADDED ENTRY ELEMENTS (KOHA)
Koha item type LMA
952 ## - LOCATION AND ITEM INFORMATION (KOHA)
Withdrawn status [LOCAL, KOHA] 0
952 ## - LOCATION AND ITEM INFORMATION (KOHA)
Withdrawn status [LOCAL, KOHA] 0
Holdings
Permanent Location Date acquired Koha item type Lost status Shelving location Barcode Current Location Full call number
Library Block B2025-05-12LMA B1.398a083100Library Block BLMA SOT 2023 B1-398 Or.1
Library Block B2025-05-12LMA B1.398a082900Library Block BLMA SOT 2023 B1-398 Or.2
មជ្ឈមណ្ឌលឯការនៃសាកលវិទ្យាល័យភូមិន្ទកសិកម្មចំការដូង

Powered by Koha